00646nam a2200205Ia 4500003000900000008004100009020002200050040001600072080001500088100002000103245015600123250001200279260004000291300001600331650002200347650001000369650002400379650001400403700002300417IN-BaIIA211028s9999 xx 000 0 eng d a978-81-7758-279-6 cIIA Library a539.1bBRA aBransden, B. H. 0aPhysics of atoms and moleculesba sourcebook for teachers of physicscB. H. Bransden and C. J. Joachain  a2nd ed. aNew DelhibDorling Kindersleyc2007 axiv, 1114p. aAtomic collisions aAtoms aMolecular structure aMolecules aJoachain, C. J.